00322nam a2200121Ia 4500003000400000008004100004040001600045082001700061245006600078260004000144300001100184490000500195GCL140319s9999 xx 000 0 ara d aGCL / cGCL04a133.4bا س10aالسحر: حقيقتة- انواعة- الوقاية منة a[S.N] : bجروس برس ، c1991 a154 ص a